El capital social y ambiental desde lo contable y la responsabilidad social ante el COVID-19 (Registro nro. 12594)

Detalles MARC
000 -LEADER
fixed length control field 00437 a2200133 4500
001 - CONTROL NUMBER
control field ART_51888
005 - DATE AND TIME OF LATEST TRANSACTION
control field 20260410161633.0
008 - FIXED-LENGTH DATA ELEMENTS--GENERAL INFORMATION
fixed length control field 260409a
100 1# - MAIN ENTRY--PERSONAL NAME
Personal name Geba, Norma Beatriz
245 10 - TITLE STATEMENT
Title El capital social y ambiental desde lo contable y la responsabilidad social ante el COVID-19
700 1# - ADDED ENTRY--PERSONAL NAME
Personal name Bifaretti, Marcela Claudia
700 1# - ADDED ENTRY--PERSONAL NAME
Personal name Rovelli, Patricia B.
773 0# - HOST ITEM ENTRY
Title Enfoques
Related parts - N°7 (jul. 2020)
Record control number REV416

No hay ítems disponibles.